| 000 | 00821cam a2200289 a 4500 | ||
|---|---|---|---|
| 001 | 59670 | ||
| 003 | CO-BoRNBP | ||
| 005 | 20251028202030.0 | ||
| 007 | ta | ||
| 008 | 890617s1982 sp a r 00010 spa d | ||
| 020 | _a8434579022 | ||
| 040 |
_aCO-BoBLA _bspa _cCO-BoBLA |
||
| 041 | 0 | _aspa | |
| 082 | 0 | 4 |
_aR745.5 _bA77 |
| 245 | 0 | 3 |
_aLa artesania en la sociedad actual / _cC. Laorden ... [et al.]. |
| 250 | _a1a. edición | ||
| 300 |
_a64 p. : _bil. ; _c19 X 22 cm. |
||
| 336 |
_2rdacontent _atexto _btxt |
||
| 337 |
_2rdamedia _asin mediación _bn |
||
| 338 |
_2rdacarrier _avolumen _bnc |
||
| 504 | _aIncluye bibliografía. | ||
| 650 | 7 |
_aArtesanías _x Historia. _2BLAAUTO _961419 |
|
| 700 | 1 |
_aLaorden, C. _966313 |
|
| 830 | 0 |
_aJorge Ortega Torres-Colección _942595 |
|
| 942 |
_2ddc _cBK |
||
| 949 |
_an _bn |
||
| 999 |
_c59670 _d59670 |
||